Relapse prevention : treatment alternatives and counseling aids /

Bibliographic Details
Main Author: Daley, Dennis C.
Format: Book
Language:English
Published: Blue Ridge Summit, PA : TAB Books, [1989]
Edition:1st ed.
Subjects:

MARC

Tag First Indicator Second Indicator Subfields
LEADER 00000cam a2200000 a 4500
001 in00000879913
005 20151019134854.0
008 890503s1989 pau b 00110 eng
010 |a  89034328  
020 |a 0830690042 :  |c $14.60 
035 |a (OCoLC)19778738 
035 |9 AEK1754AM 
040 |a DLC  |c DLC  |d TXA  |d UtOrBLW 
049 |a TXAM  |c [A09407248] 
050 1 0 |a RC564  |b .D35 1989 
082 0 |a 616.86/05  |2 20 
100 1 |a Daley, Dennis C. 
245 1 0 |a Relapse prevention :  |b treatment alternatives and counseling aids /  |c Dennis C. Daley. 
250 |a 1st ed. 
264 1 |a Blue Ridge Summit, PA :  |b TAB Books,  |c [1989] 
264 4 |c ©1989 
300 |a xv, 149 pages ;  |c 21 cm. 
336 |a text  |b txt  |2 rdacontent 
337 |a unmediated  |b n  |2 rdamedia 
338 |a volume  |b nc  |2 rdacarrier 
500 |a On cover: A guide for professionals. 
504 |a Bibliography: pages [101]-131. 
504 |a Audiovisual resources: pages [133]-143. 
500 |a Includes index. 
650 0 |a Substance abuse  |x Relapse  |x Prevention. 
650 0 |a Substance abuse  |x Patients  |x Counseling of. 
650 0 |a Substance abuse  |x Treatment  |x Bibliography. 
650 0 |a Substance abuse  |x Treatment  |x Audio-visual aids. 
999 |a MARS 
999 f f |s 61161037-d0ee-3e17-8b10-9cdd13ee52ae  |i f6730e0f-f53e-3442-8952-b7c96613fdda  |t 0 
952 f f |p ric  |a Texas A&M University  |b Rellis Campus  |c Joint Library Facility  |d Remote Storage  |t 0  |e RC564 .D35 1989  |h Library of Congress classification  |i unmediated -- volume  |m A14809407248 
998 f f |a RC564 .D35 1989  |t 0  |l Remote Storage